00552nam a2200181Ia 450000500170000000800410001702000140005804000190007204100120009108200180010310000220012124500460014326000390018930000320022865000230026065100770028385000100036020230427105840.0131103s9999 xx 000 0 und d a888741839 aLoreto College aEnglish a613.0433bKIE aKieren, Dianne K. aDiscovering yourselfcby Dianne K. Kieren aAgincourtbGLC Silverburdettc1986 a216 p.b ill., fig., photos aMedical Science -  aMedical Science - Promotion of health - Young people twelve to twenty -  aLCLIB